| Tag |
First Indicator |
Second Indicator |
Subfields |
| LEADER |
00000cam a2200000Ii 4500 |
| 001 |
in00001837745 |
| 005 |
20151026082513.0 |
| 008 |
761007s1976 bcca f000 0 eng d |
| 035 |
|
|
|a (OCoLC)ocm02485919
|
| 040 |
|
|
|a OLA
|c OLA
|d IXA
|d TXA
|d UtOrBLW
|
| 049 |
|
|
|a TXAM
|
| 090 |
|
|
|a GC1
|b .C4 no.76-12
|
| 090 |
|
|
|a GB2405
|b .L49 1976
|
| 100 |
1 |
|
|a Lewis, E. L.
|
| 245 |
1 |
0 |
|a Oil in sea ice.
|
| 264 |
|
1 |
|a Victoria, B.C. :
|b Institute of Ocean Sciences, Patricia Bay,
|c 1976.
|
| 300 |
|
|
|a 26 pages :
|b illustrations ;
|c 28 cm.
|
| 336 |
|
|
|a text
|b txt
|2 rdacontent
|
| 337 |
|
|
|a unmediated
|b n
|2 rdamedia
|
| 338 |
|
|
|a volume
|b nc
|2 rdacarrier
|
| 490 |
1 |
|
|a Pacific marine science report ;
|v 76-12
|
| 650 |
|
0 |
|a Oil spills.
|
| 650 |
|
0 |
|a Sea ice.
|
| 710 |
2 |
|
|a Institute of Ocean Sciences, Patricia Bay.
|
| 830 |
|
0 |
|a Pacific marine science report ;
|v 76-12.
|
| 948 |
|
|
|a cataloged
|b h
|c 2004/8/5
|d c
|e cmulkey
|f 8:20:06 am
|
| 994 |
|
|
|a E0
|b TXA
|
| 999 |
|
|
|a MARS
|
| 999 |
f |
f |
|s 6afdf3ae-37d7-3d87-b502-b14a74741223
|i e58cf702-c6cd-3677-8f90-47c44f951ab2
|t 0
|
| 952 |
f |
f |
|p ric
|a Texas A&M University
|b Rellis Campus
|c Joint Library Facility
|d Remote Storage
|t 0
|e GB2405 .L49 1976
|h Library of Congress classification
|i unmediated -- volume
|m A14832066136
|
| 998 |
f |
f |
|a GB2405 .L49 1976
|t 0
|l Remote Storage
|